Animal Silhouettes - Map Quiz - Statistics

General Stats
  • This quiz has been taken 5,446 times
  • The average score is 13 of 13
Answers on the Map
Answers color-coded by a green-red scale on the quiz's map according to % correct below.
 
Answer Stats
Answer % Correct
Ant
97%
Bat
97%
Chicken
97%
Elephant
97%
Giraffe
97%
Rhino
97%
Crow
96%
Guinea Pig
96%
Lion
96%
Scorpion
96%
Snake
96%
Tortoise
96%
Yak
93%
No matching quizzes found
Score Distribution
Percent of People with Each Score
Percentile by Number Answered
Your Score History
You have not taken this quiz